000 00360nam a22001217a 4500
082 _a200 THE
100 _aKashif Ullah Khan
_915670
245 _aTH-SOF-1158-Improved Text Categorization by Instance Filtration
260 _aIslamabad
_bNUST College of EME
_c2015
650 _aMS-CSE-12 MSTHESIS
700 _aSupervison Dr.Usman Qamar
_969913
942 _cCF
999 _c577345
_d577345